Les joueurs qui ont joué le plus de matchs en 2025 (Football) - Statistiques

Statistiques générales
  • Ce quiz a été pris 85 fois
  • Le résultat moyen est 6 sur 10
Statistiques - réponses
Classement Club Nombre de matchs joués Joueurs % Correct
6 Real Madrid 67 matchs Kylian Mbappé
96%
1 Paris Saint-Germain 72 matchs Vitinha
93%
2 Real Madrid 69 matchs Vinicius Jr
80%
10 Paris Saint-Germain 65 matchs Willian Pacho
79%
3 Paris Saint-Germain 69 matchs Bradley Barcola
74%
9 Real Madrid 65 matchs Federico Valverde
61%
7 Bayern Munich 66 matchs Michael Olise
49%
8 Real Madrid 65 matchs Aurélien Tchouaméni
41%
4 Paris Saint-Germain 69 matchs Gonçalo Ramos
28%
5 Manchester City 68 matchs Tijjani Reijnders
7%
Aucun quiz correspondant
Distribution des résultats
% des personnes avec chaque résultat
Percentile par nombre de réponses
Votre historique - résultats
Vous n’avez pas pris ce quiz